00914cam a22002531 450000100060000000300080000600500170001400800410003103500190007203500180009104000340010904100080014308200210015110000270017224500840019926000590028330000270034250000260036950400400039565000540043594200120048999900170050195201420051823908BD-RjUL20211209001002.0140312s1962 enk b 001 0 eng d a(BD-RjUL)23973 a(OCoLC)258659 aDLCcOAUdOCoLCdBD-RjULbeng aeng a860.9bBRL 19621 aBrenan, Gerald.97361414aThe literature of the Spanish people : from Roman times to the present day / aCambridge :bUniversity Press,c1951 [Reprinted 1962]. axxii, 342 p. ;c23 cm. aErrata slip inserted. aBibliography: p. 471-487 and index. 0aSpanish literaturexHistory and criticism.967846 2ddccBK c23908d23908 00102ddc40728NFICaRUCLbRUCLcReadingd1965-10-18eBlack wellg55.00l0o860.9 BRL 1962r2014-03-12 00:00:00tC-1w2014-03-12yBK